Modern economic growth : Rate, structure, and spread

Đã lưu trong:
Sonraí Bibleagrafaíochta
Príomhúdar: Kuznets, Simon
Formáid: Leabhar
Teanga:Undetermined
Foilsithe: New Haven Yale University Press 1966
Ábhair:
Clibeanna: Cuir Clib Leis
Gan Chlibeanna, Bí ar an gcéad duine leis an taifead seo a chlibeáil!
Thư viện lưu trữ: Trung tâm Học liệu Trường Đại học Cần Thơ
LEADER 00492nam a2200181Ia 4500
001 CTU_79535
008 210402s9999 xx 000 0 und d
082 |a 338 
082 |b K99 
100 |a Kuznets, Simon 
245 0 |a Modern economic growth : 
245 0 |b Rate, structure, and spread 
245 0 |c Simon Kuznets 
260 |a New Haven 
260 |b Yale University Press 
260 |c 1966 
650 |a Economic development 
980 |a Trung tâm Học liệu Trường Đại học Cần Thơ